Использование композитных наноразмерных материалов на основе оксида титана для очистки сточных вод от урана; Проблемы геологии и освоения недр; Т. 2

מידע ביבליוגרפי
Parent link:Проблемы геологии и освоения недр: труды XVII Международного симпозиума имени академика М. А. Усова студентов и молодых ученых, Томск, 1-5 апреля 2013 г./ Национальный исследовательский Томский политехнический университет (ТПУ), Институт природных ресурсов (ИПР) ; Общество инженеров-нефтяников, Студенческий чаптер ; под ред. А. Ю. Дмитриева.— , 2013
Т. 2.— 2013.— [С. 568-569]
מחבר תאגידי: Национальный исследовательский Томский политехнический университет (ТПУ) Юргинский технологический институт (филиал) (ЮТИ) Кафедра безопасности жизнедеятельности, экологии и физического воспитания (БЖДЭФВ)
מחברים אחרים: Макаревич Т. Г. (научный руководитель), Галушкина Д. Н., Васильева М. М., Муксунова Ю. А., Третьяков А. Н. Алексей Николаевич
סיכום:Заглавие с экрана
שפה:רוסית
יצא לאור: 2013
סדרה:Геоэкология, охрана и защита окружающей среды. Геоинформационные системы в геоэкологии
נושאים:
גישה מקוונת:http://www.lib.tpu.ru/fulltext/c/2013/C11/V2/270.pdf
פורמט: MixedMaterials אלקטרוני Book Chapter
KOHA link:https://koha.lib.tpu.ru/cgi-bin/koha/opac-detail.pl?biblionumber=605308

MARC

LEADER 00000naa2a2200000 4500
001 605308
005 20260226113724.0
035 |a (RuTPU)RU\TPU\conf\2593 
035 |a RU\TPU\conf\2591 
090 |a 605308 
100 |a 20140408d2013 k y0rusy50 ca 
101 0 |a rus 
102 |a RU 
135 |a arnn ---uucaa 
181 0 |a i  
182 0 |a b 
200 1 |a Использование композитных наноразмерных материалов на основе оксида титана для очистки сточных вод от урана  |f Т. Г. Макаревич, Д. Н. Галушкина, М. М. Васильева, Ю. А. Муксунова  |g науч. рук. А. Н. Третьяков 
203 |a Текст  |c электронный 
225 1 |a Геоэкология, охрана и защита окружающей среды. Геоинформационные системы в геоэкологии 
300 |a Заглавие с экрана 
320 |a [Библиогр.: с. 569 (4 назв.)] 
337 |a Adobe Reader 
461 1 |0 (RuTPU)RU\TPU\conf\37  |t Проблемы геологии и освоения недр  |o труды XVII Международного симпозиума имени академика М. А. Усова студентов и молодых ученых, Томск, 1-5 апреля 2013 г.  |o в 2 т.  |f Национальный исследовательский Томский политехнический университет (ТПУ), Институт природных ресурсов (ИПР) ; Общество инженеров-нефтяников, Студенческий чаптер ; под ред. А. Ю. Дмитриева  |d 2013 
463 1 |0 (RuTPU)RU\TPU\conf\39  |t Т. 2  |v [С. 568-569]  |d 2013 
610 1 |a труды учёных ТПУ 
610 1 |a электронный ресурс 
610 1 |a композитные материалы 
610 1 |a наноразмерные материалы 
610 1 |a оксид титана 
610 1 |a очистка 
610 1 |a сточные воды 
610 1 |a уран 
701 1 |a Макаревич  |b Т. Г. 
701 1 |a Галушкина  |b Д. Н. 
701 1 |a Васильева  |b М. М. 
701 1 |a Муксунова  |b Ю. А. 
702 1 |a Третьяков  |b А. Н.  |c химик  |c старший преподаватель Томского политехнического университета, кандидат химических наук  |f 1984-  |g Алексей Николаевич  |4 727 
712 0 2 |a Национальный исследовательский Томский политехнический университет (ТПУ)  |b Юргинский технологический институт (филиал) (ЮТИ)  |b Кафедра безопасности жизнедеятельности, экологии и физического воспитания (БЖДЭФВ)  |3 (RuTPU)RU\TPU\col\18930 
801 2 |a RU  |b 63413507  |c 20230316  |g RCR 
856 4 |u http://www.lib.tpu.ru/fulltext/c/2013/C11/V2/270.pdf 
942 |c CF